[Event "Titled Tuesday intern op 23rd Apr Late"]
[Site "Chess.com INT"]
[Date "2024.04.23"]
[Round "5"]
[White "Torres, Yelfry"]
[Black "Buker, Muhittin"]
[Result "1-0"]
[WhiteElo "2061"]
[BlackElo "1899"]
[PlyCount "73"]
[EventDate "2024.04.23"]
[EventType "swiss (blitz)"]
[EventRounds "11"]
[EventCountry "USA"]
[SourceTitle "CB18_2024"]
[SourceDate "2024.05.01"]
[SourceVersion "1"]
[SourceVersionDate "2024.05.01"]
[SourceQuality "2"]

1. e4 e5 2. Nf3 Nc6 3. Bc4 Nf6 4. d3 Bc5 5. 0-0 a6 6. c3 Ba7 7. a4 d6 8. h3 h6 9. Be3 0-0 10. Nbd2 Be6 11. Bxe6 fxe6 12. Qb3 Qd7 13. a5 Bxe3 14. fxe3 d5 15. exd5 exd5 16. e4 Kh7 17. exd5 Nxd5 18. Nc4 Rfe8 19. Rae1 Nf4 20. Nfxe5 Nxe5 21. Nxe5 Nxh3+ 22. gxh3 Qxh3 23. Qxb7 Rxe5 24. Rxe5 Qg3+ 25. Qg2 Qxe5 26. Qxa8 Qg3+ 27. Qg2 Qe3+ 28. Kh2 Qe5+ 29. Qg3 Qh5+ 30. Kg1 Qc5+ 31. d4 Qxa5 32. Rf2 Qa1+ 33. Kh2 Qd1 34. Qf3 Qe1 35. Qf5+ Kh8 36. Qf8+ Kh7 37. Qf3 1-0

[Event "Titled Tuesday intern op 23rd Apr Late"]
[Site "Chess.com INT"]
[Date "2024.04.23"]
[Round "7"]
[White "Venkatesh, Narayan"]
[Black "Buker, Muhittin"]
[Result "1/2-1/2"]
[WhiteElo "2033"]
[BlackElo "1899"]
[PlyCount "78"]
[EventDate "2024.04.23"]
[EventType "swiss (blitz)"]
[EventRounds "11"]
[EventCountry "USA"]
[SourceTitle "CB18_2024"]
[SourceDate "2024.05.01"]
[SourceVersion "1"]
[SourceVersionDate "2024.05.01"]
[SourceQuality "2"]

1. d4 Nf6 2. c4 e6 3. Nc3 Bb4 4. e3 b6 5. Bd2 Bb7 6. Nf3 0-0 7. Bd3 d6 8. 0-0 Nbd7 9. Qe2 e5 10. e4 Re8 11. d5 h6 12. a3 Bxc3 13. Bxc3 a5 14. b4 axb4 15. axb4 Nf8 16. Rxa8 Qxa8 17. Ra1 Qc8 18. c5 bxc5 19. bxc5 Qg4 20. c6 Bc8 21. Ra7 Re7 22. h3 Qh5 23. Ba5 Ne8 24. Nd2 Qg5 25. Kh2 Ng6 26. g3 f5 27. Ra8 fxe4 28. Nxe4 Qf5 29. Nf6+ Qxf6 30. Rxc8 e4 31. Bxe4 Ne5 32. f4 Nf7 33. Bxc7 Qd4 34. Bh7+ Kxh7 35. Qxe7 Qf2+ 36. Kh1 Qf1+ 37. Kh2 Qf2+ 38. Kh1 Qf1+ 39. Kh2 Qf2+ 1/2-1/2

[Event "Titled Tuesday intern op 22nd Aug Late"]
[Site "Chess.com INT"]
[Date "2023.08.22"]
[Round "2"]
[White "Silva Lucena, Cristian"]
[Black "Buker, Muhittin"]
[Result "1-0"]
[WhiteElo "2292"]
[BlackElo "1840"]
[PlyCount "53"]
[EventDate "2023.08.22"]
[EventType "swiss (blitz)"]
[EventRounds "11"]
[EventCountry "USA"]
[SourceTitle "EXT 2024"]
[Source "ChessBase"]
[SourceDate "2023.10.10"]
[SourceVersion "1"]
[SourceVersionDate "2023.10.10"]
[SourceQuality "1"]

1. e4 e5 2. Nf3 Nc6 3. Bb5 a6 4. Ba4 Nf6 5. 0-0 Be7 6. Re1 b5 7. Bb3 0-0 8. a4 Rb8 9. d3 d6 10. axb5 axb5 11. Nc3 Bg4 12. Be3 Nh5 13. h3 Bxf3 14. Qxf3 g6 15. Nd5 Kg7 16. Ra6 Qd7 17. Rxc6 Qxc6 18. Nxe7 Qd7 19. Nd5 c6 20. Nc3 Ra8 21. Ne2 f5 22. d4 f4 23. Bd2 exd4 24. Nxd4 Rf6 25. Bc3 b4 26. Ne6+ Kf7 27. Nc5+ 1-0

[Event "Titled Tuesday intern op 22nd Aug Late"]
[Site "Chess.com INT"]
[Date "2023.08.22"]
[Round "1"]
[White "Tulchynskyi, Feliks"]
[Black "Buker, Muhittin"]
[Result "1-0"]
[WhiteElo "2228"]
[BlackElo "1840"]
[PlyCount "83"]
[EventDate "2023.08.22"]
[EventType "swiss (blitz)"]
[EventRounds "11"]
[EventCountry "USA"]
[SourceTitle "EXT 2024"]
[Source "ChessBase"]
[SourceDate "2023.10.10"]
[SourceVersion "1"]
[SourceVersionDate "2023.10.10"]
[SourceQuality "1"]

1. e4 e5 2. Nf3 Nc6 3. Bb5 a6 4. Ba4 Nf6 5. d3 Bc5 6. 0-0 b5 7. Bb3 d6 8. c3 h6 9. a4 Rb8 10. h3 0-0 11. Nbd2 b4 12. Bc2 Ba7 13. Nc4 Be6 14. Ne3 Qc8 15. Kh2 Nh7 16. Nd5 f5 17. c4 f4 18. b3 Nd4 19. Ne7+ Kh8 20. Nxc8 Rbxc8 21. Nxd4 Bxd4 22. Ra2 g5 23. f3 h5 24. Bd2 a5 25. Be1 g4 26. fxg4 hxg4 27. hxg4 Kg7 28. Bf2 Bc3 29. Rh1 Ng5 30. d4 f3 31. Qc1 Kg6 32. Bh4 Nh7 33. d5 Bxg4 34. Bd1 Bd4 35. gxf3 Bxf3 36. Bxf3 Rxf3 37. Rg2+ Kh5 38. Rg7 Be3 39. Qd1 Rcf8 40. Rf1 Kh6 41. Rxf3 Kxg7 42. Rxe3 1-0

[Event "TUR-ch Seniors 50"]
[Site "Ankara"]
[Date "2023.05.24"]
[Round "6"]
[White "Sahin, Fehim"]
[Black "Buker, Muhittin"]
[Result "0-1"]
[WhiteElo "1694"]
[BlackElo "1834"]
[PlyCount "120"]
[EventDate "2023.05.19"]
[EventType "swiss"]
[EventRounds "9"]
[EventCountry "TUR"]
[SourceTitle "CBM 214 Extra"]
[Source "ChessBase"]
[SourceDate "2023.07.31"]
[SourceVersion "1"]
[SourceVersionDate "2023.07.31"]
[SourceQuality "1"]

1. d4 Nf6 2. c4 c5 3. d5 b5 4. cxb5 a6 5. bxa6 Bxa6 6. Nc3 d6 7. g3 g6 8. Bg2 Bg7 9. Nh3 Nbd7 10. 0-0 0-0 11. Re1 Qb6 12. Ng5 Rfb8 13. Nge4 c4 14. Qc2 Ng4 15. h3 Ngf6 16. Rb1 Qa5 17. Bg5 h6 18. Nxf6+ Nxf6 19. Be3 Nd7 20. Red1 Rb4 21. Bd4 Rab8 22. Bxg7 Kxg7 23. h4 Qb6 24. Rd2 Ne5 25. Bf3 Bc8 26. Kg2 Qa7 27. h5 Qd7 28. hxg6 Qh3+ 29. Kg1 Bf5 30. Ne4 c3 31. a3 Rxe4 32. Bxe4 Bxe4 33. Qxe4 cxd2 34. Qd4 Kxg6 35. Qxd2 Ng4 36. Qd3+ f5 37. Qf3 Qh2+ 38. Kf1 Rb3 39. e3 Ne5 40. Qg2 Qxg2+ 41. Kxg2 Nc4 42. a4 Rxb2 43. Rxb2 Nxb2 44. a5 Nc4 45. a6 Nb6 46. a7 Kf6 47. f4 Kg6 48. Kf2 Kh5 49. Kf3 Na8 50. g4+ fxg4+ 51. Kg3 Nc7 52. e4 Na8 53. Kg2 Kg6 54. Kg3 h5 55. Kh4 Kf6 56. Kg3 e6 57. dxe6 Kxe6 58. Kh4 d5 59. exd5+ Kxd5 60. Kxh5 g3 0-1

[Event "TUR-chT 2nd League"]
[Site "Konya"]
[Date "2022.08.26"]
[Round "7.14"]
[White "Buker, Muhittin"]
[Black "Cam, Vedat"]
[Result "0-1"]
[WhiteElo "1923"]
[BlackElo "1857"]
[PlyCount "44"]
[EventDate "2022.08.22"]
[EventType "team-swiss"]
[EventRounds "9"]
[EventCountry "TUR"]
[SourceTitle "CBM 210 Extra"]
[Source "ChessBase"]
[SourceDate "2022.11.30"]
[SourceVersion "1"]
[SourceVersionDate "2022.11.30"]
[SourceQuality "1"]
[WhiteTeam "Karaman Tabduk Emre"]
[BlackTeam "Bitlis Ihtisas Egitim"]
[WhiteTeamCountry "TUR"]
[BlackTeamCountry "TUR"]

1. d4 Nf6 2. c4 g6 3. Nc3 Bg7 4. e4 d6 5. Nf3 0-0 6. Be2 e5 7. 0-0 Nc6 8. d5 Ne7 9. Ne1 Ne8 10. Nd3 f5 11. Bd2 Nf6 12. f3 c5 13. a3 f4 14. b4 b6 15. bxc5 bxc5 16. Qa4 g5 17. Nb5 a6 18. Ba5 Qe8 19. Nc3 Bd7 20. Qd1 h5 21. Nf2 Qg6 22. h3 Bh6 0-1

[Event "Titled Tuesday intern op 01st Feb-A"]
[Site "Chess.com INT"]
[Date "2022.02.01"]
[Round "4"]
[White "Buker, Muhittin"]
[Black "Kanyamarala, Trisha"]
[Result "1-0"]
[WhiteElo "1967"]
[BlackElo "2166"]
[PlyCount "149"]
[EventDate "2022.02.01"]
[EventType "swiss (blitz)"]
[EventRounds "11"]
[EventCountry "USA"]
[SourceTitle "CBM 206 Extra"]
[Source "ChessBase"]
[SourceDate "2022.03.31"]
[SourceVersion "1"]
[SourceVersionDate "2022.03.31"]
[SourceQuality "1"]

1. d4 Nf6 2. c4 e6 3. Nf3 d5 4. Nc3 Bb4 5. Bg5 h6 6. Bxf6 Qxf6 7. e3 0-0 8. Bd3 dxc4 9. Bxc4 c5 10. 0-0 Nc6 11. a3 Bxc3 12. bxc3 Rd8 13. Qe2 b6 14. Rfd1 Bb7 15. Rac1 Na5 16. Bd3 Bxf3 17. Qxf3 Qxf3 18. gxf3 cxd4 19. cxd4 Rac8 20. Ba6 Rxc1 21. Rxc1 Rd7 22. Rc8+ Kh7 23. Kf1 Nb7 24. f4 Nd6 25. Bd3+ g6 26. Rc6 Kg7 27. Ke2 Ne8 28. Rc8 Nf6 29. f3 Nd5 30. Bc4 Ne7 31. Re8 Nf5 32. Bd3 Nd6 33. Ra8 Rc7 34. Kd2 h5 35. a4 h4 36. h3 Rd7 37. Rb8 Nb7 38. Rc8 Nd6 39. Rc6 Kf6 40. e4 Kg7 41. Ke3 Nb7 42. e5 Na5 43. Rc3 Nb7 44. Be4 Na5 45. Kd3 f5 46. Bc6 Nxc6 47. Rxc6 Kf7 48. Kc4 Ke7 49. Rc8 Kf7 50. Kc3 Kg7 51. Kd3 Kf7 52. Rh8 Kg7 53. Rc8 Rd5 54. Rc7+ Kh6 55. Rxa7 g5 56. fxg5+ Kxg5 57. Ke3 f4+ 58. Ke4 Rd8 59. Re7 Ra8 60. Rxe6 Rxa4 61. Rxb6 Ra2 62. Rb3 Re2+ 63. Kd5 Re3 64. Rb1 Rxf3 65. Kd6 Re3 66. e6 Kf6 67. d5 f3 68. Rf1 Kg7 69. Kd7 Kf8 70. d6 Kg7 71. e7 Kf7 72. Rxf3+ Rxf3 73. e8Q+ Kf6 74. Qf8+ Kg5 75. Qxf3 1-0

[Event "Titled Tuesday intern op 25th Jan"]
[Site "Chess.com INT"]
[Date "2022.01.25"]
[Round "8"]
[White "Buker, Muhittin"]
[Black "Alves Campelo, Danilo Cesar De"]
[Result "0-1"]
[WhiteElo "1967"]
[BlackElo "2044"]
[PlyCount "128"]
[EventDate "2022.01.25"]
[EventType "swiss (blitz)"]
[EventRounds "11"]
[EventCountry "USA"]
[SourceTitle "CBM 206 Extra"]
[Source "ChessBase"]
[SourceDate "2022.03.31"]
[SourceVersion "1"]
[SourceVersionDate "2022.03.31"]
[SourceQuality "1"]

1. d4 Nf6 2. c4 e6 3. Nc3 c5 4. d5 exd5 5. cxd5 d6 6. e4 a6 7. a4 g6 8. Nf3 Bg4 9. Be2 Bg7 10. 0-0 0-0 11. h3 Bxf3 12. Bxf3 Nbd7 13. Bf4 Qc7 14. a5 Rfe8 15. Re1 Ne5 16. Be2 b5 17. axb6 Qxb6 18. Qd2 Nfd7 19. Be3 Nf6 20. f4 Ned7 21. Bf3 Qb4 22. Ra4 Qb3 23. Rea1 Nb6 24. Rxa6 Rxa6 25. Rxa6 Nc4 26. Qc1 Nxe3 27. Qxe3 Qxb2 28. e5 dxe5 29. fxe5 Nxd5 30. Bxd5 Bxe5 31. Qf3 Bd4+ 32. Kh2 Be5+ 33. Kh1 Qc1+ 34. Nd1 Qf4 35. Qxf4 Bxf4 36. g3 Re1+ 37. Kg2 Rxd1 38. Bxf7+ Kxf7 39. gxf4 c4 40. Rc6 Rd4 41. Kg3 Ke7 42. Rc7+ Kd6 43. Rxh7 c3 44. Rh8 Rc4 45. Rd8+ Ke6 46. Rd1 c2 47. Rc1 Kf5 48. h4 Rc3+ 49. Kf2 Kxf4 50. Ke2 Kg4 51. Kd2 Rc8 52. Rh1 c1Q+ 53. Rxc1 Rxc1 54. Kxc1 Kxh4 55. Kd2 Kg3 56. Ke1 Kg2 57. Ke2 g5 58. Ke3 Kg3 59. Ke2 Kg2 60. Ke3 g4 61. Kf4 g3 62. Kg4 Kf2 63. Kh3 g2 64. Kh2 g1Q+ 0-1

[Event "Titled Tuesday intern op 25th Jan"]
[Site "Chess.com INT"]
[Date "2022.01.25"]
[Round "1"]
[White "Buker, Muhittin"]
[Black "Song, Michael"]
[Result "0-1"]
[WhiteElo "1967"]
[BlackElo "2410"]
[PlyCount "108"]
[EventDate "2022.01.25"]
[EventType "swiss (blitz)"]
[EventRounds "11"]
[EventCountry "USA"]
[SourceTitle "CBM 206 Extra"]
[Source "ChessBase"]
[SourceDate "2022.03.31"]
[SourceVersion "1"]
[SourceVersionDate "2022.03.31"]
[SourceQuality "1"]

1. d4 Nf6 2. c4 e6 3. Nf3 d5 4. Nc3 Be7 5. Bg5 0-0 6. e3 Nbd7 7. cxd5 exd5 8. Bd3 c6 9. Qc2 Re8 10. 0-0 Nf8 11. Bxf6 Bxf6 12. b4 Bg4 13. Nd2 a6 14. a4 Rc8 15. Rfc1 g6 16. Qb3 b5 17. Qc2 Bd7 18. Nb3 Ne6 19. axb5 axb5 20. Nc5 Nxc5 21. bxc5 Kg7 22. Na2 h5 23. Nb4 Qc7 24. Ra6 Ra8 25. Rca1 Qb7 26. R1a3 Rxa6 27. Rxa6 Ra8 28. Qa2 Rxa6 29. Qxa6 Qxa6 30. Nxa6 Bd8 31. Kf1 f5 32. Ke2 Bc8 33. Nb8 Bb7 34. Nd7 Bc7 35. f4 Kf7 36. Ne5+ Kf6 37. Kd1 Ba5 38. Be2 Bc3 39. Kc2 Be1 40. Bf3 h4 41. h3 g5 42. Nd7+ Ke7 43. Ne5 gxf4 44. exf4 Bf2 45. Kd3 Kf6 46. Nd7+ Ke6 47. Ne5 b4 48. Bd1 Ba6+ 49. Kd2 Bb5 50. Be2 Bxe2 51. Kxe2 Bxd4 52. Nxc6 Bxc5 53. Kd3 Kd6 54. Ne5 Bf2 0-1

[Event "Titled Tuesday intern op 25th Jan"]
[Site "Chess.com INT"]
[Date "2022.01.25"]
[Round "3"]
[White "Buscar, Michael"]
[Black "Buker, Muhittin"]
[Result "1/2-1/2"]
[WhiteElo "2088"]
[BlackElo "1967"]
[PlyCount "116"]
[EventDate "2022.01.25"]
[EventType "swiss (blitz)"]
[EventRounds "11"]
[EventCountry "USA"]
[SourceTitle "CBM 206 Extra"]
[Source "ChessBase"]
[SourceDate "2022.03.31"]
[SourceVersion "1"]
[SourceVersionDate "2022.03.31"]
[SourceQuality "1"]

1. Nf3 Nf6 2. g3 d5 3. Bg2 Bg4 4. c4 c6 5. cxd5 cxd5 6. 0-0 e6 7. d3 Nc6 8. b3 Be7 9. Bb2 0-0 10. Nbd2 Rc8 11. Rc1 Re8 12. Ne5 Nxe5 13. Bxe5 Nd7 14. Rxc8 Qxc8 15. Bb2 Bf6 16. Bxf6 Nxf6 17. h3 Bh5 18. g4 Bg6 19. Qc1 Qc6 20. Qxc6 bxc6 21. Rc1 Rc8 22. Rc5 Nd7 23. Ra5 Rc7 24. Nf3 c5 25. h4 h5 26. g5 Bf5 27. Nd2 Kf8 28. e4 dxe4 29. dxe4 Bg6 30. f4 Ke7 31. Kf2 f6 32. Ke3 fxg5 33. hxg5 Be8 34. Bh3 g6 35. Ra6 Nb6 36. Nc4 Bb5 37. Ra5 Bxc4 38. f5 exf5 39. exf5 Bf7 40. f6+ Kd6 41. Kd3 c4+ 42. bxc4 Bxc4+ 43. Kd4 a6 44. Re5 Bb5 45. Be6 Nd7 46. f7 Ke7 47. Bxd7+ Kxf7 48. Bxb5 axb5 49. Rxb5 Rc2 50. a4 Ra2 51. Ke5 Re2+ 52. Kf4 Rf2+ 53. Kg3 Ra2 54. a5 Ra4 55. Rc5 Ke6 56. Rb5 Kf7 57. Rc5 Ke6 58. Rb5 Kf7 1/2-1/2

[Event "Titled Tuesday intern op 28th Dec"]
[Site "Chess.com INT"]
[Date "2021.12.28"]
[Round "5"]
[White "Chincholimath, Halsagar"]
[Black "Buker, Muhittin"]
[Result "0-1"]
[WhiteElo "1754"]
[BlackElo "1967"]
[PlyCount "62"]
[EventDate "2021.12.28"]
[EventType "swiss (blitz)"]
[EventRounds "11"]
[EventCountry "USA"]
[SourceTitle "CBM 206 Extra"]
[Source "ChessBase"]
[SourceDate "2022.03.31"]
[SourceVersion "1"]
[SourceVersionDate "2022.03.31"]
[SourceQuality "1"]

1. e4 e6 2. d4 d5 3. e5 c5 4. Bd3 Nc6 5. Nf3 cxd4 6. 0-0 Bc5 7. Bg5 Qb6 8. a3 Qxb2 9. Nbd2 Qb6 10. Nb3 Be7 11. Bf4 Bd7 12. Rb1 Qc7 13. Nbxd4 Nxd4 14. Nxd4 Bxa3 15. Nb5 Bxb5 16. Bxb5+ Kf8 17. Qf3 Be7 18. c4 d4 19. Ba4 Rb8 20. Rfd1 Bc5 21. Bg5 b6 22. Bc2 h6 23. Bh4 Ne7 24. Rf1 a5 25. Rfe1 Nc6 26. Re4 Nb4 27. Bd1 Rd8 28. Rf4 Rd7 29. Qa8+ Rd8 30. Bxd8 Qc6 31. Bf6+ Qxa8 0-1

[Event "Titled Tuesday intern op 28th Dec"]
[Site "Chess.com INT"]
[Date "2021.12.28"]
[Round "9"]
[White "February, Jesse Nikki"]
[Black "Buker, Muhittin"]
[Result "1-0"]
[WhiteElo "1845"]
[BlackElo "1967"]
[PlyCount "69"]
[EventDate "2021.12.28"]
[EventType "swiss (blitz)"]
[EventRounds "11"]
[EventCountry "USA"]
[SourceTitle "CBM 206 Extra"]
[Source "ChessBase"]
[SourceDate "2022.03.31"]
[SourceVersion "1"]
[SourceVersionDate "2022.03.31"]
[SourceQuality "1"]

1. e4 e6 2. d4 d5 3. Nd2 dxe4 4. Nxe4 Bd7 5. Bd3 Bc6 6. c3 Nd7 7. Nf3 Ngf6 8. Nxf6+ Nxf6 9. 0-0 Be7 10. h3 Bxf3 11. Qxf3 c6 12. Re1 0-0 13. Bg5 Re8 14. Rad1 Qc7 15. Bb1 Rad8 16. Qd3 g6 17. Qf3 Nd7 18. Bxe7 Rxe7 19. h4 Nf8 20. h5 Red7 21. Qf6 h6 22. hxg6 fxg6 23. Bxg6 Nxg6 24. Qxg6+ Rg7 25. Qxe6+ Qf7 26. Qxf7+ Rxf7 27. Re3 Rdf8 28. f3 Kg7 29. Rde1 Kg6 30. Re6+ Rf6 31. Re7 R8f7 32. Kf2 Rxe7 33. Rxe7 Rf7 34. Rxf7 Kxf7 35. Kg3 1-0

[Event "Titled Tuesday intern op 28th Dec"]
[Site "Chess.com INT"]
[Date "2021.12.28"]
[Round "11"]
[White "Pershina, Elena"]
[Black "Buker, Muhittin"]
[Result "1-0"]
[WhiteElo "2114"]
[BlackElo "1967"]
[PlyCount "45"]
[EventDate "2021.12.28"]
[EventType "swiss (blitz)"]
[EventRounds "11"]
[EventCountry "USA"]
[SourceTitle "CBM 206 Extra"]
[Source "ChessBase"]
[SourceDate "2022.03.31"]
[SourceVersion "1"]
[SourceVersionDate "2022.03.31"]
[SourceQuality "1"]

1. e4 e6 2. d4 d5 3. e5 c5 4. c3 Nc6 5. Nf3 Qb6 6. a3 c4 7. Be2 Bd7 8. 0-0 Na5 9. Nbd2 Nb3 10. Nxb3 Ba4 11. Bf4 Bxb3 12. Qd2 Ne7 13. a4 Ng6 14. Bg3 a5 15. Nh4 Be7 16. Nxg6 hxg6 17. f4 0-0-0 18. Bd1 Kb8 19. Qf2 Rh7 20. Bg4 Rdh8 21. h3 Ka7 22. Qd2 Bh4 23. Bf2 1-0

[Event "Titled Tuesday intern op 14th Dec"]
[Site "Chess.com INT"]
[Date "2021.12.14"]
[Round "5"]
[White "Buker, Muhittin"]
[Black "Khabinets, Ivan"]
[Result "0-1"]
[WhiteElo "1967"]
[BlackElo "1980"]
[PlyCount "118"]
[EventDate "2021.12.14"]
[EventType "swiss (blitz)"]
[EventRounds "11"]
[EventCountry "USA"]
[SourceTitle "EXT 2023"]
[Source "ChessBase"]
[SourceDate "2022.10.05"]
[SourceVersion "1"]
[SourceVersionDate "2022.10.05"]
[SourceQuality "1"]

1. d4 Nf6 2. c4 e6 3. Nf3 d5 4. Nc3 a6 5. c5 b6 6. b4 a5 7. Ba3 axb4 8. Bxb4 bxc5 9. dxc5 Na6 10. a3 Nxc5 11. e3 Be7 12. Bb5+ Bd7 13. 0-0 c6 14. Be2 0-0 15. Ne5 Nce4 16. Nxe4 Nxe4 17. Bd3 Nf6 18. Qc2 c5 19. Bxc5 Ba4 20. Bxe7 Bxc2 21. Bxd8 Bxd3 22. Nxd3 Rfxd8 23. a4 Ra5 24. Rfb1 Rda8 25. Rb4 Ne4 26. f3 Nd6 27. Nb2 h6 28. Rc1 R8a7 29. Rc6 Nf5 30. Kf2 Kh7 31. g4 Ne7 32. Rd6 Rc5 33. h4 Rc2+ 34. Kg3 Rac7 35. Rb8 Nc6 36. Rb6 Na5 37. Rb8 Re2 38. Rdd8 Kg6 39. Nd3 Rcc2 40. Nf4+ Kf6 41. Nxe2 Rxe2 42. h5 Nc6 43. Rdc8 Nxb8 44. Rxb8 Rxe3 45. a5 Ra3 46. Ra8 d4 47. Kf4 e5+ 48. Ke4 Re3+ 49. Kd5 Rxf3 50. a6 Ra3 51. a7 d3 52. Kc4 d2 53. Rd8 Rxa7 54. Rxd2 Ra4+ 55. Kd5 Rxg4 56. Rf2+ Rf4 57. Rg2 g5 58. hxg6 fxg6 59. Rh2 h5 0-1

[Event "Titled Tuesday intern op 14th Dec"]
[Site "Chess.com INT"]
[Date "2021.12.14"]
[Round "3"]
[White "Buker, Muhittin"]
[Black "Mortazavi, Ali"]
[Result "1-0"]
[WhiteElo "1967"]
[BlackElo "2333"]
[PlyCount "107"]
[EventDate "2021.12.14"]
[EventType "swiss (blitz)"]
[EventRounds "11"]
[EventCountry "USA"]
[SourceTitle "EXT 2023"]
[Source "ChessBase"]
[SourceDate "2022.10.05"]
[SourceVersion "1"]
[SourceVersionDate "2022.10.05"]
[SourceQuality "1"]

1. d4 g6 2. c4 Bg7 3. Nc3 Nf6 4. e4 d6 5. Nf3 0-0 6. Be2 Bg4 7. 0-0 Nbd7 8. Be3 e5 9. d5 a5 10. Ne1 Bxe2 11. Qxe2 Nh5 12. Nd3 b6 13. f3 Qe8 14. Nb5 Rc8 15. a3 f5 16. b4 Ndf6 17. bxa5 bxa5 18. Nf2 Qe7 19. a4 Kh8 20. Rac1 Nd7 21. c5 dxc5 22. Nd3 Nf4 23. Bxf4 exf4 24. Nxf4 Bh6 25. Ne6 Bxc1 26. Rxc1 fxe4 27. Nxf8 Qxf8 28. fxe4 Ne5 29. Rf1 Qg7 30. Qe3 c4 31. Qc5 h5 32. d6 c6 33. Nd4 Kh7 34. Ne6 Qh8 35. d7 Nxd7 36. Ng5+ Kg8 37. Qxc4+ Kg7 38. Qf7+ Kh6 39. Qf4 Qd4+ 40. Kh1 Kg7 41. Ne6+ Kg8 42. Nxd4 Rf8 43. Qxf8+ Nxf8 44. Rxf8+ Kxf8 45. Nxc6 Ke8 46. Nxa5 Ke7 47. Nc4 Ke6 48. a5 Kd7 49. Kg1 Kc7 50. Kf2 g5 51. Kg3 g4 52. h3 Kb7 53. hxg4 Ka6 54. gxh5 1-0

[Event "Titled Tuesday intern op 14th Dec"]
[Site "Chess.com INT"]
[Date "2021.12.14"]
[Round "4"]
[White "Kovalev, Denis"]
[Black "Buker, Muhittin"]
[Result "1-0"]
[WhiteElo "2487"]
[BlackElo "1967"]
[PlyCount "85"]
[EventDate "2021.12.14"]
[EventType "swiss (blitz)"]
[EventRounds "11"]
[EventCountry "USA"]
[SourceTitle "EXT 2023"]
[Source "ChessBase"]
[SourceDate "2022.10.05"]
[SourceVersion "1"]
[SourceVersionDate "2022.10.05"]
[SourceQuality "1"]

1. Nf3 Nf6 2. c4 e6 3. g3 d5 4. Bg2 Be7 5. 0-0 0-0 6. d4 dxc4 7. Ne5 Nc6 8. Bxc6 bxc6 9. Nxc6 Qd7 10. Nxe7+ Qxe7 11. Qc2 Ba6 12. Rd1 e5 13. Nc3 exd4 14. Rxd4 Rad8 15. Rxd8 Rxd8 16. Bg5 h6 17. Bxf6 Qxf6 18. Rd1 Re8 19. Qd2 Bb7 20. Qd4 Qb6 21. Qxb6 cxb6 22. Rd7 Rb8 23. Rc7 Bc8 24. Rxa7 b5 25. a3 Bh3 26. f3 h5 27. Nd5 Rd8 28. Nf4 Rd1+ 29. Kf2 Bf5 30. Rb7 Bd7 31. Nxh5 Be8 32. Rb8 Kf8 33. Nxg7 Kxg7 34. Rxe8 Rd2 35. b3 cxb3 36. Re3 Rb2 37. Re5 b4 38. axb4 Rb1 39. Re3 b2 40. Rb3 Kf8 41. b5 Ke8 42. b6 Kd8 43. b7 1-0

[Event "Titled Tuesday intern op 14th Dec"]
[Site "Chess.com INT"]
[Date "2021.12.14"]
[Round "7"]
[White "Terletsky, Oleg"]
[Black "Buker, Muhittin"]
[Result "1-0"]
[WhiteElo "2154"]
[BlackElo "1967"]
[PlyCount "79"]
[EventDate "2021.12.14"]
[EventType "swiss (blitz)"]
[EventRounds "11"]
[EventCountry "USA"]
[SourceTitle "EXT 2023"]
[Source "ChessBase"]
[SourceDate "2022.10.05"]
[SourceVersion "1"]
[SourceVersionDate "2022.10.05"]
[SourceQuality "1"]

1. e4 e6 2. d4 d5 3. Nd2 dxe4 4. Nxe4 Bd7 5. Nf3 Bc6 6. Bd3 Nd7 7. Qe2 Ngf6 8. Bg5 Be7 9. Nxf6+ Nxf6 10. 0-0-0 Bxf3 11. Qxf3 c6 12. c3 Qa5 13. Bxf6 Bxf6 14. Kb1 0-0 15. h4 c5 16. d5 Rfe8 17. d6 b5 18. g4 c4 19. Bc2 b4 20. g5 Be5 21. d7 Red8 22. Qe4 g6 23. f4 Bg7 24. Qxc4 bxc3 25. h5 Rab8 26. Bb3 Qf5+ 27. Qd3 Rxd7 28. Qxf5 Rxd1+ 29. Rxd1 gxf5 30. bxc3 Bxc3 31. Rd7 a5 32. Kc2 Bb4 33. g6 Rc8+ 34. Kd3 hxg6 35. hxg6 fxg6 36. Bxe6+ Kh8 37. Kd4 Rc1 38. Bb3 Re1 39. Kd5 Re4 40. Rb7 1-0

[Event "Titled Tuesday intern op 30th Nov"]
[Site "Chess.com INT"]
[Date "2021.11.30"]
[Round "8"]
[White "Buker, Muhittin"]
[Black "Kekic, Armin"]
[Result "0-1"]
[WhiteElo "1967"]
[BlackElo "2164"]
[PlyCount "64"]
[EventDate "2021.11.30"]
[EventType "swiss (blitz)"]
[EventRounds "11"]
[EventCountry "USA"]
[SourceTitle "CBM 205 Extra"]
[Source "ChessBase"]
[SourceDate "2022.01.31"]
[SourceVersion "1"]
[SourceVersionDate "2022.01.31"]
[SourceQuality "1"]

1. d4 d6 2. c4 e5 3. Nf3 Nc6 4. d5 Nce7 5. e4 f5 6. Nc3 Nf6 7. Nd2 g6 8. f3 Bh6 9. Nb3 Bxc1 10. Qxc1 fxe4 11. fxe4 0-0 12. Qd2 Kg7 13. 0-0-0 Nh5 14. g3 Ng8 15. Bg2 a5 16. a4 b6 17. Rhf1 Ba6 18. Qd3 Qg5+ 19. Kb1 Ngf6 20. Ka2 Nd7 21. Bh3 Nc5 22. Nxc5 bxc5 23. Nb5 Bxb5 24. cxb5 Nf6 25. Be6 Ng4 26. h3 Ne3 27. Rxf8 Rxf8 28. Rg1 Rf3 29. Qd2 Rxg3 30. Rxg3 Qxg3 31. Qxa5 Nc4 32. Qxc7+ Kh6 0-1